Personnages One Piece - Arc Romance Dawn - Statistiques

Statistiques générales
  • Ce quiz a été pris 20 fois
  • Le résultat moyen est 17 sur 29
Statistiques - réponses
Numéro de chapitre Informations sur les personnages Nom des personnages % Correct
Chapitre 4 : Morgan, le colonel à la main de fer Marines Colonel Morgan
100%
Chapitre 1 : Romance Dawn - à l'aube d'une grande aventure Equipage du Roux Shanks le Roux
100%
Chapitre 7 : Des amis La bande à Baggy Baggy le clown
95%
Chasseur de prime Roronoa Zoro
95%
Chapitre 2 : Luffy, l'homme au chapeau de paille Equipage d'Alvida Alvida la massue
89%
Ben Beckman
89%
Hermep
89%
Kobby
89%
Makino (Tenancière du bar)
89%
Autres Monkey D. Luffy
89%
Yasopp
89%
Lucky Roo
84%
Chapitre 5 : Le roi des pirates et la fine lame Villageois de Shimotsuki Kuina
74%
Hors-la-loi Higuma
68%
Animaux Monstre de la Baie
53%
Hoop Slap (Maire)
47%
Koshiro
47%
Chapitre 3 : Zoro le “chasseur de pirates” Citoyens Rika
42%
Gold Roger
37%
Heppoko
37%
Poppoko
37%
Citoyenne Ririka (Maman de Rika)
37%
Peppoko
32%
Marine Commandant Ripper
26%
Monstar
21%
Vice-Lieutenant Rokkaku
21%
Chiken (Femme du poissonnier)
16%
Villageois de Fuchsia Gyoru (Poissonnier)
16%
Recrue Ukkari
16%
Aucun quiz correspondant
Distribution des résultats
% des personnes avec chaque résultat
Percentile par nombre de réponses
Votre historique - résultats
Vous n’avez pas pris ce quiz